| 000 | 00376nam a2200109Ia 4500 | ||
|---|---|---|---|
| 008 | 160909s9999 xx 000 0 und d | ||
| 100 | _aPeters, Sarah Coleman | ||
| 245 | _aMasks of Strange Gods: An Aesthetic Relationship With Psyche | ||
| 260 |
_bPacifica Graduate Institute. _c2016 |
||
| 650 | _aPSYCHOLOGY | ||
| 856 | _uhttp://pqdtopen.proquest.com/doc/1789891630.html?FMT=ABS | ||
| 999 |
_c304046 _d304046 |
||